How to look after a health centre store : building, layout , equipment , managing supplies.:

Bibliographic Details
Main Author: Battersby, Anthony
Corporate Author: Appropriate Health Resources and Technologies Action Group
Format: Book
Language:English
Published: London : Appropriate Health Resources and Technologies Action Group, 1983.
Subjects:
Classic Catalogue: View this record in Classic Catalogue
LEADER 00988nam a2200229 a 4500
001 7373
003 BD-DhAAL
008 090503s1983 enka 000 eng d
999 |c 338  |d 338 
020 |a  0907320058 (pbk) 
040 |a Uk   |c Uk  |d BD-DhAAL 
082 0 0 |a 610.28 
100 1 |a Battersby, Anthony.  |9 41710 
245 0 0 |a How to look after a health centre store :  |b building, layout , equipment , managing supplies.:   |c by Anthony Battersby 
260 |a London :   |b Appropriate Health Resources and Technologies Action Group,   |c 1983. 
300 |a x, 72 pages :  |b illustrations ;  |c 28 cm. 
541 1 |e 7373 
650 0 |a Medical Technology  |9 41711 
710 2 |a Appropriate Health Resources and Technologies Action Group.  |9 41712 
852 4 |a Ayesha Abed Library  |j General Stacks 
942 |2 ddc  |c BK 
952 |0 0  |1 0  |2 ddc  |4 0  |6 610_280000000000000_BAT_1983  |7 0  |9 309  |a BRACUL  |b BRACUL  |c GEN  |d 2009-05-04  |g 0.00  |l 0  |o 610.28 BAT  |p 3010007373  |r 2009-05-04  |t 1  |w 2009-05-04  |y BK  |x No price found in the accession register.